<?xml version="1.0" encoding="UTF-8"?><?xml-stylesheet type="text/xsl" href="static/style.xsl"?><OAI-PMH xmlns="http://www.openarchives.org/OAI/2.0/" xmlns:xsi="http://www.w3.org/2001/XMLSchema-instance" xsi:schemaLocation="http://www.openarchives.org/OAI/2.0/ http://www.openarchives.org/OAI/2.0/OAI-PMH.xsd"><responseDate>2026-04-13T01:40:55Z</responseDate><request verb="GetRecord" identifier="oai:www.recercat.cat:11351/10609" metadataPrefix="marc">https://recercat.cat/oai/request</request><GetRecord><record><header><identifier>oai:recercat.cat:11351/10609</identifier><datestamp>2026-04-01T11:57:03Z</datestamp><setSpec>com_2072_378066</setSpec><setSpec>com_2072_378040</setSpec><setSpec>col_2072_378087</setSpec></header><metadata><record xmlns="http://www.loc.gov/MARC21/slim" xmlns:dcterms="http://purl.org/dc/terms/" xmlns:xsi="http://www.w3.org/2001/XMLSchema-instance" xmlns:doc="http://www.lyncode.com/xoai" xsi:schemaLocation="http://www.loc.gov/MARC21/slim http://www.loc.gov/standards/marcxml/schema/MARC21slim.xsd">
   <leader>00925njm 22002777a 4500</leader>
   <datafield ind2=" " ind1=" " tag="042">
      <subfield code="a">dc</subfield>
   </datafield>
   <datafield ind2=" " ind1=" " tag="720">
      <subfield code="a">Segur Ferrer, Joan</subfield>
      <subfield code="e">author</subfield>
   </datafield>
   <datafield ind2=" " ind1=" " tag="720">
      <subfield code="a">Pastells-Peiró, Roland</subfield>
      <subfield code="e">author</subfield>
   </datafield>
   <datafield ind2=" " ind1=" " tag="720">
      <subfield code="a">Estrada, Maria-Dolors</subfield>
      <subfield code="e">author</subfield>
   </datafield>
   <datafield ind2=" " ind1=" " tag="720">
      <subfield code="a">Moltó-Puigmartí, Carolina</subfield>
      <subfield code="e">author</subfield>
   </datafield>
   <datafield ind2=" " ind1=" " tag="720">
      <subfield code="a">Vivanco-Hidalgo, Rosa Maria</subfield>
      <subfield code="e">author</subfield>
   </datafield>
   <datafield ind2=" " ind1=" " tag="260">
      <subfield code="c">2023-11-15T12:58:41Z</subfield>
   </datafield>
   <datafield ind2=" " ind1=" " tag="260">
      <subfield code="c">2023-11-15T12:58:41Z</subfield>
   </datafield>
   <datafield ind2=" " ind1=" " tag="260">
      <subfield code="c">2023</subfield>
   </datafield>
   <datafield ind2=" " ind1=" " tag="520">
      <subfield code="a">Tecnologia de salut digital; Avaluació de tecnologia sanitària; Metodologia</subfield>
   </datafield>
   <datafield ind2=" " ind1=" " tag="520">
      <subfield code="a">Tecnología de salud digital; Evaluación de tecnología sanitaria; Metodología</subfield>
   </datafield>
   <datafield ind2=" " ind1=" " tag="520">
      <subfield code="a">Digital health technology; Health technology assessment; Methodology</subfield>
   </datafield>
   <datafield ind2=" " ind1=" " tag="520">
      <subfield code="a">El objetivo principal de este encargo es desarrollar un marco metodológico específico para la ETS de salud digital (ETSd) y se concreta en los siguientes objetivos específicos: determinar qué dominios, dimensiones y subdimensiones debe considerar la ETSd, con especial atención a los modelos de atención no presencial (MANP), la sald móvil (mSalud) y la inteligencia artificial (IA); definir un marco de estándares de evidencia que deben alcanzar estas tecnologías según la clasificación del riesgo que deriva de su uso.</subfield>
   </datafield>
   <datafield ind2=" " ind1=" " tag="520">
      <subfield code="a">L’objectiu principal d’aquest encàrrec és desenvolupar un marc metodològic específic per a l’ATSd i es concreta en els següents objectius específics: determinar quins dominis, dimensions i subdimensions ha de considerar l’ATSd, amb especial atenció als models d’atenció no presencial (MANP), la salut mòbil (mSalut) i la intel·ligència artificial (IA); definir un marc d’estàndards d’evidència que han d’assolir aquestes tecnologies segons la classificació del risc que deriva del seu ús.</subfield>
   </datafield>
   <datafield ind2=" " ind1=" " tag="520">
      <subfield code="a">The main objective of this assignment is to develop a specific methodological framework for the evaluation of digital health technologies (DHTs), and is specified in the following specific objectives: to determine which domains, dimensions, and sub-dimensions should be considered in DHT evaluation, with special attention to non-face-to-face care models (NFTC), mobile health (mHealth), and artificial intelligence (AI); to define a framework of evidence standards that these technologies must achieve according to the risk classification derived from their use.</subfield>
   </datafield>
   <datafield tag="653" ind2=" " ind1=" ">
      <subfield code="a">Tecnologia mèdica</subfield>
   </datafield>
   <datafield tag="653" ind2=" " ind1=" ">
      <subfield code="a">Serveis sanitaris - Innovacions tecnològiques</subfield>
   </datafield>
   <datafield tag="653" ind2=" " ind1=" ">
      <subfield code="a">SCIENCE AND HEALTH::Health Sciences, Technology, and Innovation Management::Resources for Research::Infrastructure::Health Services</subfield>
   </datafield>
   <datafield tag="653" ind2=" " ind1=" ">
      <subfield code="a">TECHNOLOGY, INDUSTRY, AND AGRICULTURE::Technology, Industry, and Agriculture::Technology::Biomedical Technology</subfield>
   </datafield>
   <datafield tag="653" ind2=" " ind1=" ">
      <subfield code="a">CIENCIA Y SALUD::gestión de ciencia, tecnología e innovación en salud::recursos para la investigación::infraestructura::servicios de salud</subfield>
   </datafield>
   <datafield tag="653" ind2=" " ind1=" ">
      <subfield code="a">TECNOLOGÍA, INDUSTRIA Y AGRICULTURA::tecnología, industria y agricultura::tecnología::tecnología biomédica</subfield>
   </datafield>
   <datafield ind2="0" ind1="0" tag="245">
      <subfield code="a">Marco de evaluación de tecnologías sanitarias: adaptación para la evaluación de tecnologías de salud digital</subfield>
   </datafield>
   <datafield ind2="0" ind1="0" tag="245">
      <subfield code="a">Health technology assessment framework: adaptation for digital health technology assessment</subfield>
   </datafield>
</record></metadata></record></GetRecord></OAI-PMH>